| 000 | 00688nam a2200217 a 4500 | ||
|---|---|---|---|
| 003 | MX-MxUPN | ||
| 005 | 20220615082242.0 | ||
| 008 | 991125s1955 mx 000 0 spa u | ||
| 035 | _aUPN01000013146 | ||
| 040 |
_aMX-MxUPN _bspa _cMX-MxUPN |
||
| 041 | 0 | _aspa | |
| 049 | _aLT | ||
| 050 | 4 |
_aLB1645 M6 _bL3.2 |
|
| 100 | 1 |
_aLandaverde, Felipe de Jesús _944882 |
|
| 245 | 1 | 0 |
_aCurso de geometría : _bpara secundaria y preparatoria / _cFelipe de Jesús Landaverde. |
| 260 |
_aMéxico : _bProgreso, _c1955. |
||
| 300 |
_a390 p. : _bil. |
||
| 650 | 4 |
_aGeometría _xEstudio y enseñanza (Secundaria) _99157 |
|
| 650 | 4 |
_aMatemáticas _xEstudio y enseñanza (Secundaria) _94860 |
|
| 905 | _aLibro | ||
| 999 |
_c13146 _d13146 |
||